Normal view MARC view

Entry Personal Name

Number of records used in: 2

001 - CONTROL NUMBER

  • control field: 58715

003 - CONTROL NUMBER IDENTIFIER

  • control field: dpl

005 - DATE AND TIME OF LATEST TRANSACTION

  • control field: 20231115145153.0

008 - FIXED-LENGTH DATA ELEMENTS

  • fixed length control field: 231115|| aca||aabn | a|a d

040 ## - CATALOGING SOURCE

  • Original cataloging agency: dpl
  • Transcribing agency: dpl

100 ## - HEADING--PERSONAL NAME

  • Personal name: Chandran, Sharath

670 ## - SOURCE DATA FOUND

  • Source citation: Work cat.: (dpl)199094: Vijayaraghavan, N 58714, Ratanlal & Dirajlal The Law of Evidence/, 2022

© Delhi Public Library
Hit Counter
free hit counter